000 00671nam a22002297a 4500
005 20170314162402.0
008 170314b xxu||||| |||| 00| 0 eng d
020 _a9788184575538
_cRs.650.00
040 _aLoreto College
041 _aEnglish
082 _a370.9
_bTHA
100 _aThamarasseri,Ismail
245 _aComparative education
_cIsmail Thamaresseri and Mohammad Sayid Bhat
260 _aNew Delhi
_bKanishka Publishers
_c2014
300 _avi,215p
_b22cm
504 _aIncludes bibliographical references and index
650 _aComparative education
650 _aEducation
700 _4Auth
_aBhat,Mohammad Sayid
850 _aLCLIB
942 _cBK
999 _c40966
_d91445